<?xml version="1.0" encoding="UTF-8"?>
<marc:record xmlns:marc="http://www.loc.gov/MARC21/slim">
   <marc:leader>00000nam a2200000 a 4500</marc:leader>
   <marc:datafield ind1="1" ind2=" " tag="100">
      <marc:subfield code="a">Lea, Caroline</marc:subfield>
      <marc:subfield code="4">aut</marc:subfield>
      <marc:subfield code="e">Verfasser/-in</marc:subfield>
   </marc:datafield>
   <marc:datafield ind1="0" ind2="0" tag="245">
      <marc:subfield code="a">Die Farbe von Glas</marc:subfield>
   </marc:datafield>
   <marc:datafield ind1="0" ind2="0" tag="245">
      <marc:subfield code="b">Roman</marc:subfield>
   </marc:datafield>
   <marc:datafield ind1="0" ind2="0" tag="245">
      <marc:subfield code="c">Lea, Caroline</marc:subfield>
   </marc:datafield>
   <marc:datafield ind1=" " ind2="1" tag="264">
      <marc:subfield code="a">Hamburg</marc:subfield>
      <marc:subfield code="b">HarperCollins</marc:subfield>
      <marc:subfield code="c">2019</marc:subfield>
   </marc:datafield>
   <marc:datafield ind1=" " ind2=" " tag="250">
      <marc:subfield code="a">1. Auflage</marc:subfield>
   </marc:datafield>
   <marc:datafield ind1="1" ind2=" " tag="520">
      <marc:subfield code="a">Island 1686: Die junge Rósa leidet unter so bitterer Armut, dass sie befürchtet, den Winter nicht zu überleben. In ihrer Verzweiflung nimmt sie den Antrag des reichen Händlers Jón an, der eine Frau für Haus und Hof sucht. Rósa folgt ihm in sein Dorf und trifft bei den Einwohnern auf eine Mauer aus Argwohn und Ablehnung. Düstere Legenden ranken sich um Jón. Man erzählt sich, er habe seine erste Frau Anna umgebracht. Jón schweigt dazu unerbittlich. Einziger Trost für Rósa ist eine kleine Glasfigur, die er ihr zur Hochzeit schenkte. Trotz aller Widrigkeiten erscheint sie unzerbrechlich, während das Böse um Rósa herum immer greifbarer wird.</marc:subfield>
   </marc:datafield>
   <marc:datafield ind1=" " ind2=" " tag="020">
      <marc:subfield code="a">9783959672948</marc:subfield>
      <marc:subfield code="9">9783959672948</marc:subfield>
   </marc:datafield>
   <marc:datafield ind1=" " ind2=" " tag="020">
      <marc:subfield code="a">3959672942</marc:subfield>
      <marc:subfield code="9">3959672942</marc:subfield>
   </marc:datafield>
   <marc:datafield ind1=" " ind2=" " tag="300">
      <marc:subfield code="a">414 Seiten</marc:subfield>
   </marc:datafield>
</marc:record>
